000 01122pam a2200289 a 4500
999 _c4600
_d4600
001 1142877
003 OSt
005 20191207131858.0
008 950404s1995 enka b 000 0 eng
010 _a 95015185
020 _a0521475368 (hc)
040 _aDLC
_cDLC
_dDLC
082 0 0 _aWA105 E43m 1995
100 _aEdited by Denis Mollison.
_913131
245 0 0 _aEpidemic Models:
_btheir structure and relation to data
260 _bCambridge University Press,
_c1995.
300 _axvii, 424 p. :
_bill. ;
_c24 cm.
440 0 _aPublications of the Newton Institute
_99877
504 _aIncludes bibliographical references.
650 0 _aEpidemic research
_91984
856 4 1 _3Sample text
_uhttp://www.loc.gov/catdir/samples/cam034/95015185.html
856 4 2 _3Publisher description
_uhttp://www.loc.gov/catdir/description/cam027/95015185.html
856 4 1 _3Table of contents
_uhttp://www.loc.gov/catdir/toc/cam027/95015185.html
906 _a7
_bcbc
_corignew
_d1
_eocip
_f19
_gy-gencatlg
942 _2z
_cO_SHELF